000 00771nam a22002777a 4500
001 BR9800333
003 BR-BrBNA
005 20230928095813.0
007 ta
008 230509b bl.||||| |||| 00| 0 por d
040 _aBR-BrBNA
_bpor
_cBiblioteca Nacional de Agricultura
041 _a(Por)
072 _aE14; E71
090 _ E14 BR9800333
110 1 _aFederacao das Industrias do Estado de Minas Gerais, Belo Horizonte (Brasil)
_94636
245 1 _aMinas Gerais em sintese
260 3 _aBelo Horizonte, MG (Brasil):
_c1996.
300 _a35 p.
650 _aDesenvolvimento Economico
650 _aComercio Exterior
650 _aExportacao
650 _aImportacao
650 _aMinas Gerais
909 _a202309
_bLucia
_c55
_dLucia Elande
942 _cBK
999 _c58743
_d58743